[Event "Seniorsko prvenstvo Centralne "]
[Site "Vrnjacka Banja"]
[Date "2008.11.09"]
[Round "2.1"]
[White "Lajthajm, Borko"]
[Black "Nikolic, Stanimir"]
[Result "1/2-1/2"]
[WhiteElo "2498"]
[BlackElo "2291"]
[Annotator ",Dragan"]
[PlyCount "104"]
[EventDate "2008.11.08"]

1. d4 d5 2. c4 c6 3. Nc3 Nf6 4. Nf3 e6 5. cxd5 cxd5 6. Bg5 Nc6 7. e3 Qb6 8. Rb1
Ne4 9. Bd3 Qa5 10. Qb3 Nxg5 11. Nxg5 Be7 12. h4 h6 13. Nf3 Bd7 14. a3 a6 15.
Qa2 b5 16. b4 Qc7 17. Qb2 O-O 18. g4 Rfc8 19. Rc1 g6 20. Ne2 Bd6 21. h5 g5 22.
Bb1 Kf8 23. Qc2 Ke7 24. Qh7 Rh8 25. Qd3 Rac8 26. O-O a5 27. Nc3 Qb8 28. Rfe1
axb4 29. Nxb5 bxa3 30. Nxa3 Qb2 31. Nb5 Nb4 32. Qa3 Qxa3 33. Nxa3 Rxc1 34. Rxc1
Ra8 35. Rc3 Nc6 36. Nb5 Ra1 37. Rc1 Bb4 38. Rf1 Ra5 39. Bd3 f6 40. Rb1 Kd8 41.
Nh2 Be7 42. Bf1 Nb4 43. Nc3 Ra3 44. Ne2 Ba4 45. Ng3 Bc2 46. Rb2 Ra1 47. Kg2 Bd6
48. Be2 Rc1 49. Nf3 Kc7 50. Bb5 Bh7 51. Be8 Bd3 52. Bg6 Bb5 {inc...110 moves}
1/2-1/2

[Event "Seniorsko prvenstvo Centralne "]
[Site "Vrnjacka Banja"]
[Date "2008.11.09"]
[Round "2.2"]
[White "Abramovic, Bosko"]
[Black "Milosevic, Zoran"]
[Result "1-0"]
[WhiteElo "2484"]
[BlackElo "2279"]
[PlyCount "59"]
[EventDate "2008.11.08"]

1. d4 d5 2. Nf3 Nf6 3. c4 c6 4. e3 e6 5. Nbd2 Nbd7 6. Bd3 Bd6 7. e4 dxe4 8.
Nxe4 Nxe4 9. Bxe4 Nf6 10. Bc2 Bb4+ 11. Bd2 Qa5 12. a3 Bxd2+ 13. Qxd2 Qxd2+ 14.
Kxd2 O-O 15. b4 Rd8 16. Kc3 Bd7 17. Ne5 Be8 18. f4 Rac8 19. Rhe1 b6 20. Rad1
Nd7 21. Be4 Nxe5 22. fxe5 c5 23. dxc5 Rxd1 24. Rxd1 bxc5 25. b5 f6 26. a4 Kf7
27. a5 Ke7 28. a6 Bh5 29. Rd2 Rb8 30. Bb7 1-0

[Event "Seniorsko prvenstvo Centralne "]
[Site "Vrnjacka Banja"]
[Date "2008.11.09"]
[Round "2.3"]
[White "Milosevic, Slavisa"]
[Black "Arsovic, Zoran"]
[Result "1/2-1/2"]
[WhiteElo "2282"]
[BlackElo "2480"]
[PlyCount "120"]
[EventDate "2008.11.08"]

1. e4 c5 2. Nf3 e6 3. d4 cxd4 4. Nxd4 Nc6 5. Nc3 Qc7 6. g3 a6 7. Bg2 d6 8. O-O
Be7 9. a4 Nf6 10. h3 O-O 11. g4 Nd7 12. g5 Re8 13. h4 Nxd4 14. Qxd4 b6 15. Be3
Bb7 16. f4 Rac8 17. Qd2 Bf8 18. Qf2 Qc4 19. f5 exf5 20. Qxf5 Nc5 21. Nd5 Bxd5
22. exd5 Rc7 23. Rf4 Qe2 24. Bd4 a5 25. Bf3 Qe7 26. Bxc5 bxc5 27. Re4 Qd8 28.
Rae1 Rxe4 29. Rxe4 g6 30. Qf4 Bg7 31. b3 Re7 32. Kg2 Rxe4 33. Qxe4 Be5 34. Qg4
Bd4 35. Be4 Kg7 36. Qf3 Qe7 37. Kg3 Qd8 38. Bd3 Qe7 39. Qe4 Be5+ 40. Kh3 h6 41.
gxh6+ Kxh6 42. Qf3 f5 43. h5 Qg5 44. hxg6 Kxg6 45. Qg2 Kf6 46. Qxg5+ Kxg5 47.
Kg2 Kf4 48. Kf2 Bc3 49. Ke2 Kg4 50. Kf2 Kf4 51. Ke2 Bd4 52. Kf1 Ke5 53. Ke2 Bb2
54. Kf3 Bc1 55. c4 f4 56. Bg6 Kd4 57. Be8 Kc3 58. Bb5 Kxb3 59. Ke2 Kc3 60. Kf3
Kd3 1/2-1/2

[Event "Seniorsko prvenstvo Centralne "]
[Site "Vrnjacka Banja"]
[Date "2008.11.09"]
[Round "2.4"]
[White "Rajkovic, Dusan"]
[Black "Popovic, Predrag R"]
[Result "1-0"]
[WhiteElo "2474"]
[BlackElo "2275"]
[PlyCount "99"]
[EventDate "2008.11.08"]

1. d4 e6 2. c4 d5 3. Nc3 Nf6 4. Bg5 Be7 5. e3 Nbd7 6. Nf3 h6 7. Bf4 c6 8. Qc2
Nh5 9. Be5 Nxe5 10. dxe5 g6 11. Bd3 Ng7 12. O-O O-O 13. Rfd1 Qe8 14. a3 f5 15.
exf6 Rxf6 16. Ne5 Nf5 17. e4 Nd4 18. Qa4 dxc4 19. Qxc4 c5 20. b4 b6 21. bxc5
bxc5 22. Nb5 Ba6 23. a4 h5 24. Rab1 Qc8 25. Qa2 Bxb5 26. axb5 Kg7 27. Nc4 Qb7
28. Qa6 Rb8 29. e5 Rff8 30. Qxb7 Rxb7 31. Na5 Rb6 32. Nc6 Nxc6 33. bxc6 Rc8 34.
Rxb6 axb6 35. Bb5 Rc7 36. f4 g5 37. g3 Kf7 38. Ra1 gxf4 39. gxf4 Bf8 40. Kf2
Be7 41. Ke3 Bd8 42. Ra8 Ke7 43. Kd3 h4 44. h3 Ke8 45. Kc4 Ke7 46. Ba4 Ke8 47.
Bd1 Ke7 48. Kb5 c4 49. Bc2 c3 50. Bg6 1-0

[Event "Seniorsko prvenstvo Centralne "]
[Site "Vrnjacka Banja"]
[Date "2008.11.09"]
[Round "2.6"]
[White "Misailovic, Nebojsa"]
[Black "Maksimovic, Branimir"]
[Result "1-0"]
[WhiteElo "2267"]
[BlackElo "2418"]
[PlyCount "141"]
[EventDate "2008.11.08"]

1. e4 e6 2. d4 d5 3. Nc3 Bb4 4. e5 c5 5. a3 Bxc3+ 6. bxc3 Qa5 7. Bd2 Qa4 8. Qg4
g6 9. c4 Nc6 10. dxc5 Nxe5 11. Qd4 f6 12. Nf3 Nxf3+ 13. gxf3 e5 14. Qb2 d4 15.
f4 Qc6 16. Rg1 Qe4+ 17. Be2 Ne7 18. f3 Qc6 19. fxe5 fxe5 20. O-O-O Nf5 21. Bd3
Qxc5 22. Rde1 Bd7 23. Bb4 Qc7 24. Bxf5 gxf5 25. Qxd4 O-O-O 26. Qxa7 b6 27. Qa8+
Qb8 28. Qxb8+ Kxb8 29. Bd6+ Kb7 30. Bxe5 Rhg8 31. Bf6 Rde8 32. Kb2 Kc6 33. Rxg8
Rxg8 34. Re7 Rg6 35. Bd4 Rh6 36. Bg1 Rh3 37. Rf7 Be6 38. Rf6 Kd7 39. Bxb6 Bxc4
40. Rxf5 Rxh2 41. Rc5 Rh4 42. Bc7 Be2 43. f4 Rh6 44. Be5 Rb6+ 45. Kc3 h5 46. f5
Rb7 47. Bg3 Ra7 48. Kb2 Rb7+ 49. Kc1 Ra7 50. Rd5+ Kc6 51. Rd6+ Kb5 52. Kb2 Rg7
53. Bf2 Rg2 54. Be3 h4 55. Rb6+ Ka5 56. Rg6 h3 57. Rxg2 hxg2 58. f6 Bh5 59. c4
Ka6 60. Kc3 Kb7 61. a4 Bf7 62. Kd4 Kb6 63. Ke5+ Kc6 64. c5 Bb3 65. a5 Kd7 66.
a6 Ba4 67. Kf5 Bc2+ 68. Ke5 Ba4 69. f7 Ke7 70. f8=Q+ Kxf8 71. Kd6 1-0

[Event "Seniorsko prvenstvo Centralne "]
[Site "Vrnjacka Banja"]
[Date "2008.11.09"]
[Round "2.7"]
[White "Kojovic, Dragan"]
[Black "Radosavljevic, Slobodan D"]
[Result "1-0"]
[WhiteElo "2412"]
[BlackElo "2267"]
[PlyCount "94"]
[EventDate "2008.11.08"]

1. e4 c5 2. Nc3 g6 3. f4 Bg7 4. Nf3 d6 5. Bb5+ Bd7 6. Bxd7+ Qxd7 7. O-O Nc6 8.
d3 Rc8 9. Be3 Nd4 10. Qd2 e6 11. Ng5 h6 12. Nh3 Ne7 13. Nd1 f5 14. c3 Ndc6 15.
Bf2 b6 16. Bh4 O-O 17. Ndf2 e5 18. Rae1 Rce8 19. Nd1 Rf7 20. a3 d5 21. Bxe7
Nxe7 22. Qe2 dxe4 23. dxe4 fxe4 24. Qxe4 Nf5 25. Ne3 exf4 26. Qxe8+ Qxe8 27.
Nxf5 Qd7 28. Nxg7 Kxg7 29. Nxf4 Qb5 30. Rf2 Qc4 31. Ref1 Rf5 32. g4 Rg5 33. h3
h5 34. Re1 hxg4 35. Ne6+ Kh6 36. Nxg5 Kxg5 37. Rg2 Qd3 38. Rxg4+ Kh5 39. Rg2
Qf5 40. Re3 Qf4 41. Rge2 c4 42. Kg2 Qg5+ 43. Rg3 Qd5+ 44. Kf2 b5 45. Rge3 Qf5+
46. Rf3 Qc5+ 47. Ke1 a6 1-0

[Event "Seniorsko prvenstvo Centralne "]
[Site "Vrnjacka Banja"]
[Date "2008.11.09"]
[Round "2.8"]
[White "Djosic, Slavoljub"]
[Black "Ostojic, Nikola"]
[Result "1-0"]
[WhiteElo "2256"]
[BlackElo "2398"]
[PlyCount "81"]
[EventDate "2008.11.08"]

1. f4 c5 2. Nf3 Nc6 3. g3 g6 4. Bg2 Bg7 5. e4 d6 6. O-O e6 7. d3 Nge7 8. Nc3
O-O 9. Ne2 f5 10. c3 Kh8 11. Be3 Qc7 12. Qc2 b6 13. Rab1 e5 14. Bf2 Be6 15. b3
Rae8 16. Rbd1 Bc8 17. Kh1 Bb7 18. Bg1 Qc8 19. Nd2 Rd8 20. c4 Nd4 21. Nxd4 cxd4
22. Rde1 Ng8 23. Nf3 fxe4 24. dxe4 exf4 25. gxf4 Rxf4 26. Qd2 Rdf8 27. Bxd4 Qc7
28. Ng5 Rxf1+ 29. Bxf1 Qe7 30. Bxg7+ Kxg7 31. Qd4+ Kh6 32. h4 Rf4 33. Bg2 Rxh4+
34. Nh3 Nf6 35. Kg1 Qe5 36. Qxe5 dxe5 37. Nf2 Kg7 38. Bf3 Kf7 39. b4 Ke7 40. a4
g5 41. a5 1-0

[Event "Seniorsko prvenstvo Centralne "]
[Site "Vrnjacka Banja"]
[Date "2008.11.09"]
[Round "2.9"]
[White "Sredojevic, Ivan"]
[Black "Ilic, Dragan B"]
[Result "1/2-1/2"]
[WhiteElo "2396"]
[BlackElo "2256"]
[PlyCount "107"]
[EventDate "2008.11.08"]

1. e4 e5 2. Nf3 Nf6 3. Nxe5 d6 4. Nf3 Nxe4 5. d3 Nf6 6. d4 d5 7. Bd3 Be7 8. O-O
Bg4 9. h3 Bh5 10. Re1 O-O 11. Bf4 c5 12. dxc5 Bxc5 13. g4 Bg6 14. Bxg6 hxg6 15.
Be3 Na6 16. Nc3 Bb4 17. Bd2 Nc5 18. a3 Bxc3 19. Bxc3 Nfe4 20. Bb4 Rc8 21. Bxc5
Rxc5 22. Nd4 Qh4 23. Qf3 Ng5 24. Qg3 Qxh3 25. Qxh3 Nxh3+ 26. Kg2 Nf4+ 27. Kg3
Ne6 28. Nxe6 fxe6 29. c3 Kf7 30. Re3 Re8 31. Rae1 Rb5 32. R1e2 Rb6 33. Rf3+ Ke7
34. Kh4 Rf8 35. Rxf8 Kxf8 36. Kg5 Kf7 37. b4 Ra6 38. Re3 Rxa3 39. Rf3+ Ke8 40.
Kxg6 d4 41. Rf7 d3 42. Rf4 e5 43. Re4 Kf8 44. Rxe5 Ra6+ 45. Kg5 Rd6 46. Re1 Rc6
47. Rc1 Rc4 48. Kf5 b6 49. b5 Kf7 50. Ra1 g6+ 51. Ke5 d2 52. Rxa7+ Ke8 53. Ra8+
Ke7 54. Ra7+ 1/2-1/2

[Event "Seniorsko prvenstvo Centralne "]
[Site "Vrnjacka Banja"]
[Date "2008.11.09"]
[Round "2.10"]
[White "Somborski, Nebojsa"]
[Black "Damjanovic, Dragan"]
[Result "1/2-1/2"]
[WhiteElo "2379"]
[BlackElo "2229"]
[PlyCount "49"]
[EventDate "2008.11.08"]

1. e4 c5 2. Nf3 Nc6 3. Bb5 d6 4. O-O Bd7 5. Re1 Nf6 6. c3 a6 7. Ba4 b5 8. Bc2
Bg4 9. h3 Bh5 10. d3 e6 11. Nbd2 Be7 12. Nf1 Nd7 13. Ng3 Bg6 14. d4 O-O 15. d5
Nce5 16. Nxe5 dxe5 17. dxe6 fxe6 18. Be3 Qc7 19. a4 Qc6 20. b3 Rfc8 21. Qe2 Nf6
22. Reb1 Rab8 23. axb5 axb5 24. f3 Ra8 25. Bd3 1/2-1/2

[Event "Seniorsko prvenstvo Centralne "]
[Site "Vrnjacka Banja"]
[Date "2008.11.09"]
[Round "2.11"]
[White "Tasic, Vladimir"]
[Black "Zivkovic, Ivan B"]
[Result "0-1"]
[WhiteElo "2241"]
[BlackElo "2322"]
[PlyCount "100"]
[EventDate "2008.11.08"]

1. f4 d5 2. Nf3 c5 3. e3 Nc6 4. Bb5 Bd7 5. O-O Nf6 6. b3 g6 7. Bb2 Bg7 8. Bxc6
Bxc6 9. Ne5 Qd6 10. Nxc6 Qxc6 11. d3 c4 12. a4 O-O 13. bxc4 dxc4 14. Bxf6 cxd3
15. Bxg7 dxc2 16. Qd4 c1=Q 17. Rxc1 Qxc1+ 18. Kf2 Qc2+ 19. Kg3 Rfd8 20. Qb2 Qd3
21. Bd4 b6 22. Ra3 Qd1 23. Nc3 Qe1+ 24. Qf2 Qc1 25. Ra2 Rac8 26. Ne2 Qc4 27.
Ra1 Qb3 28. Qe1 Rc2 29. Kf2 f6 30. Rd1 e5 31. Ba1 Re8 32. f5 gxf5 33. Rd2 Qxa4
34. Qd1 Ra2 35. Qxa4 Rxa4 36. Bc3 Rc8 37. Bb2 Ra2 38. Ng3 Rc5 39. Nxf5 Rb5 40.
Bc3 Rxd2+ 41. Bxd2 a5 42. Ke2 a4 43. Bc1 Rb3 44. Kd2 Kf7 45. Kc2 Ke6 46. e4 Rb4
47. Kd3 a3 48. Kc2 a2 49. Bb2 Rxe4 50. Ng3 Re1 0-1

[Event "Seniorsko prvenstvo Centralne "]
[Site "Vrnjacka Banja"]
[Date "2008.11.09"]
[Round "2.12"]
[White "Lazic, Dragoljub"]
[Black "Gavrilovic, Leonardo"]
[Result "1-0"]
[WhiteElo "2320"]
[BlackElo "2188"]
[PlyCount "67"]
[EventDate "2008.11.08"]

1. e4 e5 2. Nf3 f5 3. Nxe5 Qf6 4. d4 d6 5. Nc4 fxe4 6. Be2 Nc6 7. d5 Ne5 8. Nc3
Nxc4 9. Bxc4 Qg6 10. Bb5+ Kf7 11. Rg1 Nf6 12. Bf4 Be7 13. Qd2 Rf8 14. O-O-O Kg8
15. h3 a6 16. Bc4 b5 17. Bb3 Nd7 18. Be3 Ne5 19. Ne2 a5 20. a3 Bd7 21. Nd4 Kh8
22. f4 exf3 23. gxf3 Qh5 24. f4 Ng6 25. Ne6 Bxe6 26. dxe6 c6 27. Qg2 d5 28.
Rdf1 Bd6 29. c3 Rae8 30. Bc2 Rxe6 31. f5 Rxe3 32. fxg6 Rxf1+ 33. Rxf1 Rg3 34.
Qxg3 1-0

[Event "Seniorsko prvenstvo Centralne "]
[Site "Vrnjacka Banja"]
[Date "2008.11.09"]
[Round "2.13"]
[White "Simic, Milan A"]
[Black "Nadj Hedjesi, Balind"]
[Result "1-0"]
[WhiteElo "2136"]
[BlackElo "2296"]
[PlyCount "69"]
[EventDate "2008.11.08"]

1. d4 c6 2. c4 d5 3. e3 Nf6 4. Nc3 e6 5. Nf3 Nbd7 6. Qc2 Bd6 7. b3 O-O 8. Be2
Re8 9. O-O dxc4 10. Bxc4 b5 11. Bd3 Bb7 12. h3 Rc8 13. Ng5 g6 14. Nce4 Be7 15.
Nxf6+ Nxf6 16. Ne4 Nxe4 17. Bxe4 Qb6 18. Bb2 c5 19. Bxb7 Qxb7 20. dxc5 Rxc5 21.
Qe2 Rec8 22. Rfc1 Qe4 23. f3 Rxc1+ 24. Rxc1 Rxc1+ 25. Bxc1 Qc6 26. Bb2 f6 27.
Qd3 Kf7 28. Kf2 h5 29. Ke2 a5 30. Qc3 Qa6 31. g4 hxg4 32. hxg4 a4 33. g5 a3 34.
Ba1 b4+ 35. Qd3 1-0

[Event "Seniorsko prvenstvo Centralne "]
[Site "Vrnjacka Banja"]
[Date "2008.11.09"]
[Round "2.14"]
[White "Pantelic, Sasa"]
[Black "Tasic, Zoran"]
[Result "1-0"]
[WhiteElo "2293"]
[BlackElo "2159"]
[PlyCount "81"]
[EventDate "2008.11.08"]

1. d4 g6 2. Nf3 Bg7 3. g3 d6 4. Bg2 Nc6 5. O-O e5 6. dxe5 dxe5 7. Nc3 Bg4 8. h3
Bf5 9. e4 Be6 10. Nd5 Nce7 11. Ng5 c6 12. Nxe6 fxe6 13. Ne3 Nh6 14. Qf3 Neg8
15. Nc4 Nf7 16. Rd1 Qe7 17. b3 Nf6 18. Qe3 b6 19. Ba3 c5 20. Bb2 O-O 21. Qe2
Qc7 22. a4 Rad8 23. h4 Rd4 24. Bxd4 exd4 25. e5 Nd5 26. Bxd5 exd5 27. e6 d3 28.
cxd3 dxc4 29. exf7+ Qxf7 30. dxc4 Re8 31. Qd3 Bd4 32. Ra2 Re5 33. Kg2 Rf5 34.
f3 Re5 35. Re2 Qe6 36. Rde1 Rxe2+ 37. Qxe2 Qf5 38. Qe6+ Qxe6 39. Rxe6 Kf7 40.
Rd6 Ke7 41. Rd5 1-0

[Event "Seniorsko prvenstvo Centralne "]
[Site "Vrnjacka Banja"]
[Date "2008.11.09"]
[Round "2.15"]
[White "Jelisavcic, Srdjan"]
[Black "Antic, Dejan"]
[Result "0-1"]
[WhiteElo "2117"]
[BlackElo "2489"]
[PlyCount "118"]
[EventDate "2008.11.08"]

1. e4 e6 2. d4 d5 3. exd5 exd5 4. Bd3 Nc6 5. c3 Bd6 6. Ne2 Bg4 7. Qc2 Nge7 8.
h3 Bh5 9. Nf4 Bg6 10. Nxg6 hxg6 11. Be3 Qd7 12. Nd2 Nf5 13. O-O-O O-O-O 14. Bb5
a6 15. Bd3 Rde8 16. Rde1 Nh4 17. Reg1 Nf5 18. Re1 Nce7 19. Kb1 Nh4 20. Reg1
Nef5 21. Bg5 Be7 22. Bxh4 Nxh4 23. g3 Nf5 24. h4 Nd6 25. Qb3 c6 26. Nf3 Bf6 27.
Re1 Ne4 28. Bxe4 dxe4 29. Nd2 Qf5 30. Qc2 Qxf2 31. Nxe4 Qxc2+ 32. Kxc2 Be7 33.
Rhg1 f5 34. Nc5 Bd6 35. Rxe8+ Rxe8 36. Kd3 a5 37. g4 Re7 38. gxf5 gxf5 39. Rg6
Bxc5 40. dxc5 Kd7 41. b4 f4 42. Rg4 Rf7 43. Ke2 f3+ 44. Kf2 Ke6 45. a3 Ke5 46.
h5 a4 47. Rg6 Kf4 48. c4 Re7 49. b5 Re2+ 50. Kf1 Rh2 51. Rxg7 Rxh5 52. Rxb7
Rxc5 53. Rc7 Rxc4 54. Rxc6 Rd4 55. b6 Rd1+ 56. Kf2 Rd2+ 57. Kf1 Rb2 58. Rc4+
Kg3 59. Rb4 Ra2 0-1

[Event "Seniorsko prvenstvo Centralne "]
[Site "Vrnjacka Banja"]
[Date "2008.11.09"]
[Round "2.16"]
[White "Pantic, Ivica"]
[Black "Mitrovic, Darko R"]
[Result "1-0"]
[WhiteElo "2208"]
[BlackElo "2362"]
[PlyCount "61"]
[EventDate "2008.11.08"]

1. d4 Nf6 2. c4 e6 3. Nc3 Bb4 4. e3 O-O 5. Bd3 d6 6. Nf3 b6 7. Bd2 Bb7 8. O-O
Nbd7 9. a3 Bxc3 10. Bxc3 Qe7 11. Re1 Ne4 12. Bxe4 Bxe4 13. Nd2 Bb7 14. e4 e5
15. Nf1 f5 16. exf5 Rxf5 17. Ng3 Rf4 18. Re2 e4 19. Bd2 Rff8 20. d5 b5 21. b3
bxc4 22. bxc4 Nb6 23. Rxe4 Qf6 24. Be3 Ba6 25. Bd4 Qf7 26. Nh5 Qf5 27. Re7 Rf7
28. Nxg7 Qg5 29. Rxf7 Kxf7 30. Qf3+ Kg8 31. Ne6 1-0

[Event "Seniorsko prvenstvo Centralne "]
[Site "Vrnjacka Banja"]
[Date "2008.11.09"]
[Round "2.18"]
[White "Misic, Dragan"]
[Black "Karaklajic, Milutin"]
[Result "1-0"]
[WhiteElo "2229"]
[BlackElo "2108"]
[PlyCount "93"]
[EventDate "2008.11.08"]

1. d4 d5 2. Nf3 Nf6 3. Bf4 e6 4. e3 c5 5. c3 Nc6 6. Be2 Bd6 7. Bg5 Qb6 8. Qb3
Ne4 9. Nbd2 Nxg5 10. Nxg5 Qc7 11. f4 c4 12. Qc2 h6 13. Ngf3 b5 14. Ne5 a5 15.
Bf3 O-O 16. e4 Ne7 17. O-O f6 18. exd5 Nxd5 19. Ng6 Ne3 20. Qe4 Nxf1 21. Nxf1
Rb8 22. Nxf8 Kxf8 23. Qh7 Qf7 24. f5 Qg8 25. Qg6 Qf7 26. Qh7 Qg8 27. Qxg8+ Kxg8
28. fxe6 Bxe6 29. Nd2 g6 30. Re1 Kf7 31. g3 f5 32. Bc6 Kf6 33. d5 Bf7 34. a4
Bc5+ 35. Kf1 b4 36. Nxc4 bxc3 37. bxc3 Rb3 38. Rc1 g5 39. Ke1 f4 40. Nd2 fxg3
41. hxg3 Rb2 42. Ne4+ Ke5 43. Nxc5 Rh2 44. Rd1 Rh1+ 45. Kd2 Rh2+ 46. Ke3 Bh5
47. Rd2 1-0

[Event "Seniorsko prvenstvo Centralne "]
[Site "Vrnjacka Banja"]
[Date "2008.11.09"]
[Round "2.19"]
[White "Arsovic, Goran"]
[Black "Adamovic, Strahinja"]
[Result "1-0"]
[WhiteElo "2432"]
[BlackElo "2025"]
[PlyCount "61"]
[EventDate "2008.11.08"]

1. d4 Nf6 2. Nf3 g6 3. g3 Bg7 4. Bg2 O-O 5. O-O d5 6. Bf4 c5 7. dxc5 Na6 8. c6
bxc6 9. c4 Nh5 10. Be5 f6 11. Bc3 e5 12. cxd5 cxd5 13. Nxe5 Bb7 14. Nd3 Qd7 15.
e3 f5 16. Bxg7 Kxg7 17. Nc3 Rfd8 18. Qa4 Nf6 19. Qd4 Qd6 20. Rac1 Qb6 21. Ne2
Rac8 22. b3 Nc7 23. Qxb6 axb6 24. Nd4 Re8 25. Rc2 Ba6 26. Rfc1 Nb5 27. Rxc8
Nxd4 28. R8c7+ Kh6 29. exd4 Bxd3 30. R7c3 Bb5 31. Re3 1-0

[Event "Seniorsko prvenstvo Centralne "]
[Site "Vrnjacka Banja"]
[Date "2008.11.09"]
[Round "2.20"]
[White "Filipovic, Tomislav S"]
[Black "Novoselski, Zoran"]
[Result "0-1"]
[WhiteElo "1989"]
[BlackElo "2388"]
[PlyCount "82"]
[EventDate "2008.11.08"]

1. d4 d5 2. Nf3 f5 3. Ne5 Nf6 4. g3 e6 5. Bg2 c6 6. O-O Be7 7. b3 O-O 8. f4
Nbd7 9. Nxd7 Bxd7 10. Bb2 Be8 11. Nd2 Bh5 12. h3 Kh8 13. Qe1 Rg8 14. Kh2 g5 15.
fxg5 Rxg5 16. Nf3 Bxf3 17. exf3 Nh5 18. g4 Bd6+ 19. Kg1 Nf4 20. Rd1 Rg6 21. Bc1
Qf6 22. Bxf4 Bxf4 23. Rd3 Rag8 24. a4 h5 25. b4 Bd6 26. c3 Qg5 27. Qe3 fxg4 28.
Qxg5 Rxg5 29. fxg4 hxg4 30. Rf7 R5g7 31. Rxg7 Rxg7 32. hxg4 Rxg4 33. Kf2 Kg7
34. Bh3 Rg6 35. Rf3 b6 36. Bf1 c5 37. bxc5 bxc5 38. Bd3 Rg4 39. Ke3 Be7 40. Bb5
cxd4+ 41. cxd4 Bf6 0-1

[Event "Seniorsko prvenstvo Centralne "]
[Site "Vrnjacka Banja"]
[Date "2008.11.09"]
[Round "2.21"]
[White "Ostojic, Slobodan"]
[Black "Misojcic, Miroslav"]
[Result "0-1"]
[WhiteElo "1921"]
[BlackElo "2221"]
[PlyCount "96"]
[EventDate "2008.11.08"]

1. c4 e6 2. Nc3 d5 3. cxd5 exd5 4. d4 c5 5. Nf3 Nc6 6. Bf4 Nf6 7. e3 a6 8. Be2
Be7 9. Rc1 c4 10. Ne5 O-O 11. O-O Be6 12. h3 h6 13. b3 Ba3 14. Rc2 Bf5 15. Rd2
Bb4 16. Qa1 Qa5 17. Rc1 Ne4 18. Nxe4 Bxd2 19. Nxd2 Qxd2 20. Bf3 Nxe5 21. Bxe5
cxb3 22. axb3 Be6 23. Rc5 Rac8 24. Bg3 Rfd8 25. Qa3 Qd3 26. Qb2 Rxc5 27. dxc5
Qb5 28. Be5 f6 29. Bd4 Rc8 30. Be2 Qb4 31. g4 a5 32. Bd3 a4 33. Bc2 a3 34. Qa2
Rxc5 35. Bxc5 Qxc5 36. Kf1 b5 37. Ke2 b4 38. Qb1 d4 39. exd4 Qxd4 40. Qa2 Qc3
41. Qb1 Qxh3 42. f3 Qh2+ 43. Ke3 Qe5+ 44. Kd2 Bd5 45. Be4 Qc3+ 46. Ke2 Bxb3 47.
Bh7+ Kh8 48. Qe4 Qc4+ 0-1

[Event "Seniorsko prvenstvo Centralne "]
[Site "Vrnjacka Banja"]
[Date "2008.11.09"]
[Round "2.22"]
[White "Boskovic, Maksimilijan"]
[Black "Lazic, Zeljko"]
[Result "0-1"]
[WhiteElo "1903"]
[BlackElo "2207"]
[PlyCount "76"]
[EventDate "2008.11.08"]

1. d4 g6 2. c4 Bg7 3. Nc3 d6 4. e4 Nc6 5. Nf3 Bg4 6. Be3 e5 7. d5 Bxf3 8. gxf3
Nd4 9. Bh3 Ne7 10. Qa4+ c6 11. O-O-O O-O 12. f4 b5 13. cxb5 cxd5 14. Rxd4 exd4
15. Bxd4 Bh6 16. Kb1 Bxf4 17. exd5 Be5 18. Re1 Nc8 19. Rxe5 dxe5 20. Bxe5 Qg5
21. Qd4 f6 22. Be6+ Kg7 23. Bg3 Ne7 24. h4 Nf5 25. Qc4 Qd2 26. a3 Nxg3 27. fxg3
Qe1+ 28. Ka2 Qxg3 29. Ne4 Qe5 30. Nc5 Rfd8 31. Nb7 Re8 32. Qc6 Re7 33. Nc5 Rd8
34. Nb7 Rb8 35. Nc5 Rc7 36. Nd7 Rxc6 37. Nxe5 Rxe6 38. Nd7 Ree8 0-1

[Event "Seniorsko prvenstvo Centralne "]
[Site "Vrnjacka Banja"]
[Date "2008.11.09"]
[Round "2.25"]
[White "Kolbert, Engelbert"]
[Black "Matejic, Dragoljub"]
[Result "1-0"]
[WhiteElo "2189"]
[BlackElo "1918"]
[PlyCount "91"]
[EventDate "2008.11.08"]

1. Nf3 d5 2. b3 Nf6 3. Bb2 Nbd7 4. c4 c6 5. g3 e6 6. Bg2 Bd6 7. d4 dxc4 8. bxc4
Bb4+ 9. Nbd2 Ne4 10. O-O Nxd2 11. Nxd2 O-O 12. Qc2 Nf6 13. Rfd1 Qe7 14. Nb3 Ba3
15. Bc3 Bb4 16. Bxb4 Qxb4 17. Nc5 Qa5 18. Rab1 Qc7 19. Qa4 b6 20. Qxc6 Qxc6 21.
Bxc6 Rb8 22. e4 Ne8 23. e5 Nc7 24. d5 exd5 25. cxd5 Bf5 26. Nd7 Bxb1 27. Rxb1
Rbd8 28. Nxf8 Kxf8 29. Rd1 Na6 30. Rd4 Nc5 31. f4 g6 32. g4 a6 33. f5 f6 34.
exf6 Kf7 35. g5 gxf5 36. h4 h6 37. d6 hxg5 38. hxg5 Ne4 39. Bxe4 fxe4 40. Rxe4
Rxd6 41. Re7+ Kf8 42. Kh2 Rd5 43. Rg7 b5 44. Kh3 b4 45. Kg4 a5 46. Ra7 1-0

[Event "Seniorsko prvenstvo Centralne "]
[Site "Vrnjacka Banja"]
[Date "2008.11.09"]
[Round "2.26"]
[White "Zlatanovic, Zoran"]
[Black "Gagic, Miroljub"]
[Result "1-0"]
[WhiteElo "2169"]
[BlackElo "1851"]
[PlyCount "75"]
[EventDate "2008.11.08"]

1. e4 c6 2. d4 d5 3. e5 Bf5 4. Nf3 e6 5. Be2 h6 6. O-O Nd7 7. Be3 Ne7 8. Nh4
Bh7 9. f4 c5 10. Bh5 g6 11. Be2 cxd4 12. Bxd4 Nc6 13. Nf3 Nxd4 14. Nxd4 Qb6 15.
Bb5 Bc5 16. Bxd7+ Kxd7 17. c3 Rac8 18. Na3 Rc6 19. Nac2 Rhc8 20. Kh1 Bxd4 21.
Nxd4 Rc4 22. Qd2 a6 23. g4 Qd8 24. f5 gxf5 25. Qxh6 Bg6 26. gxf5 exf5 27. e6+
Kc7 28. exf7 Bxf7 29. Rxf5 Bg8 30. Qf4+ Kb6 31. Qf2 Kc7 32. Qf4+ Kb6 33. Qe3
Kc7 34. b3 Rxd4 35. Qe5+ Qd6 36. cxd4 Qxe5 37. Rxe5 Kd6 38. Rf1 1-0

[Event "Seniorsko prvenstvo Centralne "]
[Site "Vrnjacka Banja"]
[Date "2008.11.09"]
[Round "2.23"]
[White "Dolovic, Dusko"]
[Black "Stojanovic, Vladimir M"]
[Result "1-0"]
[WhiteElo "2199"]
[BlackElo "1944"]
[PlyCount "105"]
[EventDate "2008.11.08"]

1. Nf3 Nf6 2. c4 d5 3. d4 c6 4. e3 e6 5. Nc3 Bd6 6. Bd3 dxc4 7. Bxc4 Nbd7 8.
O-O O-O 9. Qd3 Qe7 10. e4 e5 11. d5 b5 12. Bb3 Nc5 13. Qc2 b4 14. Na4 Nxa4 15.
Bxa4 cxd5 16. exd5 Bb7 17. Bc6 Nxd5 18. Bxb7 Qxb7 19. Rd1 Rad8 20. Qe4 Bc5 21.
Qxe5 Rfe8 22. Qf5 g6 23. Qc2 Bf8 24. Bg5 f6 25. Bh4 Qf7 26. Qb3 Nf4 27. Rxd8
Rxd8 28. Bxf6 Qxb3 29. axb3 Rd3 30. Kf1 Bc5 31. Rc1 Kf7 32. Bg5 Bd6 33. Bxf4
Bxf4 34. Rc4 Bd6 35. Rd4 Rxd4 36. Nxd4 h5 37. h3 Kf6 38. Ke2 g5 39. Kd3 Bc5 40.
Kc4 Bb6 41. Kd5 Kg6 42. g4 hxg4 43. hxg4 Kf6 44. f3 Bxd4 45. Kxd4 Ke6 46. Ke4
Kf6 47. Kd5 a6 48. Kd6 Kf7 49. Ke5 Kg6 50. Ke6 Kg7 51. Kf5 Kh6 52. Kf6 a5 53.
Kf5 1-0